| 000 | 01061nam a2200229Ia 4500 | ||
|---|---|---|---|
| 003 | Ost | ||
| 005 | 20260507075744.0 | ||
| 008 | 260507s9999||||xx |||||||||||||| ||und|| | ||
| 020 | _a1047009961 | ||
| 040 | _cfsecg | ||
| 041 | _aara | ||
| 082 | _a330 | ||
| 100 |
_aصالح، خالص صافي _eمؤلف |
||
| 245 | 0 |
_aفي الإعلام التجاري والمفاوضات التجارية الدولية / _c خالص صافي صالح |
|
| 260 |
_aالجزائر: _bديوان المطبوعات الجامعية, _c2000 |
||
| 300 |
_a167 صفحة؛ _bإيضاحات ؛ _c23 سم |
||
| 520 | _aمفهوم الإعلام- المعلومات التجارية حول سوق المؤسسة- المعلومات المتعلقة بالمشترين- المعلومات المتعلقة بالسلع والمنتجات والبضائع- تصنيف المعلومات التجارية- مصادر المعلومات. | ||
| 653 | _aالإعلام | ||
| 653 | _aالإعلام التجاري | ||
| 653 | _aالتجارة الدولية | ||
| 942 | _cكتاب | ||
| 999 |
_c46179 _d46179 |
||